Loading...
History - American History | 0 | 3 | 0 | 0 | 30 | 98 | 103.33 | 1 | 3 |
History - European History | 0 | 3 | 1 | 0 | 25 | 89 | 91.00 | 2 | 3 |
Visual Arts | 1 | 1 | 0 | 1 | 25 | 70 | 98.00 | 1 | 2 |
History - World History | 1 | 1 | 0 | 0 | 25 | 48 | 71.50 | 1 | 2 |
Auditory Arts | 0 | 2 | 0 | 1 | 20 | 67 | 100.50 | 1 | 2 |
Literature - British Literature | 0 | 2 | 0 | 0 | 20 | 89 | 98.50 | 1 | 2 |
Social Science | 1 | 0 | 0 | 0 | 15 | 63 | 63.00 | 1 | 1 |
Geography | 1 | 0 | 0 | 0 | 15 | 32 | 32.00 | 1 | 1 |
Science - Physics | 0 | 1 | 0 | 0 | 10 | 103 | 103.00 | 1 | 1 |
Literature - World Literature | 0 | 1 | 0 | 0 | 10 | 116 | 116.00 | 1 | 1 |
Philosophy | 0 | 1 | 0 | 1 | 10 | 115 | 115.00 | 0 | 1 |
Literature - American Literature | 0 | 1 | 0 | 0 | 10 | 77 | 77.00 | 1 | 1 |
History - Other History | 0 | 1 | 1 | 0 | 5 | 106 | 106.00 | 0 | 1 |
Science - Biology | 0 | 1 | 1 | 0 | 5 | 109 | 109.00 | 1 | 1 |
History - Ancient History | 0 | 0 | 1 | 0 | -5 | 0.00 | 0 | 0 |